000
00330nam a2200145Ia 4500
005
20240715035418.0
008
240331s9999 xx 000 0 und d
082
_a
200.042
_b
MAR
245
0
_a
Marga
260
_a
Colombo
_b
Marga Publications
_c
1989
300
_a
65 p ., ( V 10)
650
_a
Women
650
_a
Culture
942
_c
L
999
_c
781
_d
781